Penseire di un Uomo Curioso (Record no. 19485)

MARC details
000 -LEADER
campo de control de longitud fija 00290nam a2200121Ia 4500
005 - FECHA Y HORA DE LA ÚLTIMA TRANSACCIÓN
campo de control 20251222144755.0
008 - DATOS DE LONGITUD FIJA--INFORMACIÓN GENERAL
campo de control de longitud fija 251222s9999||||xx |||||||||||||| ||spa||
082 ## - NÚMERO DE LA CLASIFICACIÓN DECIMAL DEWEY
Número de clasificación 530.11/E34P
100 ## - ENTRADA PRINCIPAL--NOMBRE DE PERSONA
Nombre de persona Einsten, Albert
245 #0 - MENCIÓN DEL TÍTULO
Título Penseire di un Uomo Curioso
264 ## - PRODUCCIÓN, PUBLICACIÓN, DISTRIBUCIÓN, FABRICACIÓN Y COPYRIGHT
Nombre del de productor, editor, distribuidor, fabricante Edizione CDE
942 ## - ELEMENTOS DE ENTRADA SECUNDARIOS (KOHA)
Tipo de ítem Koha Libros
Holdings
Estatus retirado Estado de pérdida Estado de daño No para préstamo Biblioteca de origen Biblioteca actual Ubicación en estantería Fecha de adquisición Total de préstamos Signatura topográfica completa Código de barras Visto por última vez Precio de reemplazo Tipo de ítem Koha
        Biblioteca Central Biblioteca Central Programa 22/12/2025   530.11/E34P 0031904 22/12/2025 22/12/2025 Libros